| 000 | 00674 a2200265 4500 | ||
|---|---|---|---|
| 001 | 108120 | ||
| 020 | _a9780545835961 | ||
| 041 | _apor | ||
| 090 | _aToddler [E] | ||
| 100 | _aChurch, Caroline. | ||
| 250 | _a1st ed., September 2015. | ||
| 300 | _a1 v. (unpaged) | ||
| 490 | _aLovemeez books | ||
| 697 | _aBunnies - Fiction. | ||
| 697 | _aStories in rhyme. | ||
| 697 | _aBunnies | ||
| 697 | _aTextured books. | ||
| 697 | _aToy and movable books. | ||
| 830 | _aLovemeez books | ||
| 856 | _u000016/000016d2.jpg | ||
| 040 |
_aBR-BrIDEA _cBR-BrIDEA |
||
| 245 | 1 | 0 |
_aI love my bunny _c Caroline Church |
| 260 |
_a[S.l.] _bScholastic Inc. _c2015 |
||
| 942 | _cBK | ||
| 999 |
_c108120 _d108120 |
||